El señor de Bembibre
Sábháilte in:
| Príomhchruthaitheoir: | |
|---|---|
| Formáid: | LEABHAR |
| Teanga: | Spáinnis |
| Foilsithe / Cruthaithe: |
Madrid
Aguilar
1944
|
| Sraith: | Coleción Crisol, 53
|
| Ábhair: | |
| Clibeanna: |
Cuir clib leis
Níl clibeanna ann, Bí ar an gcéad duine le clib a chur leis an taifead seo!
|
MARC
| LEADER | 00000nam a2200000 a 4500 | ||
|---|---|---|---|
| 001 | UCZ1697 | ||
| 003 | CL-VaPUC | ||
| 008 | 950831e19440000SP |||||||||||||||||spa|d | ||
| 082 | 0 | 4 | |a 863 |b GIL |2 21 |
| 100 | 0 | |a Gil y Carrasco, Enrique |e author |9 321919 | |
| 245 | 1 | 3 | |a El señor de Bembibre |
| 300 | |a 540 p | ||
| 942 | |c BK | ||
| 945 | |d 19950831 00:00:00 |a rbrito | ||
| 260 | |a Madrid |b Aguilar |c 1944 | ||
| 650 | 0 | |a Novelas españolas |9 265052 | |
| 583 | |a last modification |c 19950831 00:00:00 |k Rodrigo Vera | ||
| 490 | 0 | |a Coleción Crisol, 53 | |
| 999 | |c 238406 |d 238404 | ||
| 952 | |0 0 |1 0 |4 0 |6 863_000000000000000_GIL_1944 |7 0 |8 R |9 248577 |a BIBEDU |b BIBEDU |c MCIRC |d 2019-11-18 |i 3103692 |o 863 GIL 1944 |p 3103692 |r 2023-01-13 |w 2019-11-18 |y BK_R |k LIT | ||